000 00637nam a2200277Ia 4500
005 20260324141707.0
008 008 260324s9999 xx 000 0 eng d
020 _a9780429332852
037 _aEBOOK
040 _aCRL
040 _beng
040 _cCRL
041 _2eng
041 _aeng
084 _qCRL
100 _aRobert F. Phalen
_91048381
245 0 _aMethods in Inhalation Toxicology
260 _bTaylor and Francis
260 _c1996
365 _a
365 _b385
856 _uhttp://www.taylorfrancis.com/books/9780429332852
942 _cEBOOK
999 _c1812516
_d1812516